Statistics for "United State of Pop" 2017 Songs

Click here to take the quiz!

General Stats

  • This quiz has been taken 5 times
  • The average score is 15 of 25

Answer Stats

Artist/BandSong% Correct
Camilla Cabello (feat. Young Thug)Havana
100%
Ed SheeranPerfect
100%
Imagine DragonsBeliever
80%
Luis Fonsi & Daddy Yankee (feat. Justin Bieber)Despacito
80%
Kendrick LamarHumble
80%
DJ Khaled (feat. Chance The Rapper, Justin Bieber, Lil' Wayne & Quavo)I'm The One
80%
Ed SheeranShape Of You
80%
Imagine DragonsThunder
80%
Logic (feat. Alessia Cara & Khalid)1-800-273-8255
60%
Charlie PuthAttention
60%
Cardi BBodak Yellow (Money Moves)
60%
Post Malone (feat. Quavo)Congratulations
60%
Taylor SwiftLook What You Made Me Do
60%
FutureMask Off
60%
James ArthurSay You Won't Let Go
60%
The Chainsmokers (feat. Coldplay)Something Just Like This
60%
Bruno MarsThat's What I Like
60%
French Montana (feat. Swae Lee)Unforgettable
60%
Migos (feat. Lil Uzi Vert)Bad and Boujee
40%
Post Malone (feat. 21 Savage)Rockstar
40%
Zedd (feat. Alessia Cara)Stay
40%
Shawn MendesThere's Nothing Holdin' Me Back
40%
Lil' Uzi VertXO TOUR Llif3
40%
Sam HuntBody Like a Bad Road
0%
Portugal. The ManFeel It Steel
0%

Score Distribution

Percentile by Number Answered

Percent of People with Each Score

Your Score History

You have not taken this quiz